000 00607nam a22001937a 4500
999 _c170098
_d170098
005 20191210174238.0
010 _aB-472393
020 _c85.00
_a-
035 _aB-472393
037 _bBPPD
082 _a270
100 _aذ ا کر نا ءک
245 _aنما ز ا و ر جد يد ميڈ يکل سا ءنس
_cذ ا کر نا ءک
246 _aNamaz Aur Jadeed Medical Science
_bby Zakir Nayak
260 _aLucknow
_c1992 ء
_bAreeb Publications
270 _a1542,Patoudi house, Darya Ganj
_bN.Delhi
_k-
_e2
300 _a335ص
_c22 cm(hb)
942 _2ddc
_cUR
_h270
_mذ ا ک